Tepoztlán: un pueblo de México
Uloženo v:
| Hlavní autor: | |
|---|---|
| Médium: | Kniha |
| Jazyk: | španělština |
| Vydáno: |
Ciudad de México
Joaquín Mortiz
1971
|
| Vydání: | 2a. ed |
| Témata: | |
| Tagy: |
Přidat tag
Žádné tagy, Buďte první, kdo vytvoří štítek k tomuto záznamu!
|
MARC
| LEADER | 00000nam a2200000 a 4500 | ||
|---|---|---|---|
| 001 | UCY7591 | ||
| 003 | CL-VaPUC | ||
| 008 | 950616e19710000MX |||||||||||||||||spa|d | ||
| 082 | 0 | 4 | |a 306.0972 |b LEW |2 21 |
| 100 | |a Lewis, Oscar |e author |9 412639 | ||
| 245 | 1 | 0 | |a Tepoztlán: un pueblo de México |
| 250 | |a 2a. ed | ||
| 300 | |a 221 p | ||
| 942 | |c BK | ||
| 945 | |d 19950616 00:00:00 |a mfernand | ||
| 260 | |a Ciudad de México |b Joaquín Mortiz |c 1971 | ||
| 650 | 0 | |a Antropología cultural y social |9 265143 | |
| 650 | 0 | |a Costumbres y tradiciones |9 268292 | |
| 650 | 7 | |a ESTRUCTURA SOCIAL |2 CL-VaPUC |9 338175 | |
| 650 | 0 | |a Etnografía |9 309735 | |
| 650 | 0 | |a Cambio cultural |9 338163 | |
| 650 | 0 | |a Historia |9 255047 | |
| 650 | 0 | |a Economía |9 255568 | |
| 651 | 0 | |a México |9 255269 | |
| 583 | |a last modification |c 19950616 00:00:00 |k Rodrigo Vera | ||
| 999 | |c 234929 |d 234927 | ||
| 952 | |0 0 |1 0 |4 0 |6 306_097200000000000_LEW_1971 |7 0 |8 P |9 241931 |a BIBEDU |b BIBEDU |c BIBEDU_PB |d 2019-11-18 |i 1520296 |o 306.0972 LEW 1971 |p 1520296 |r 2024-01-25 |w 2019-11-18 |y BK |k EDU | ||